Novinky literatury Ekonomie

Na minha lista:
Detalhes bibliográficos
Formato: Periódico
Idioma:tcheco
Publicado em: Praha Stát. knihovna ČSR 1982
Tags: Adicionar Tag
Sem tags, seja o primeiro a adicionar uma tag!

MARC

LEADER 00000nas2a2200000 4500
001 s029613
005 20250730114139.5
041 0 |a cze 
044 |a CZ 
245 1 0 |a Novinky literatury  |b Ekonomie 
264 1 |a Praha  |b Stát. knihovna ČSR  |c 1982 
300 |a 2 zv. 
773 0 |w eu_un_cat*s121079